Cities controlled by Greek people - Statistics

General Stats
  • This quiz has been taken 30 times
  • The average score is 9 of 17
Answers on the Grid
Answers color-coded by a green-red scale on the quiz's grid according to % correct below.
Athens
Thessaloniki
Tirana
Tehran
Izmir
Istanbul
Alexandria
Naples
Syracuse
Marseille
Sofia
Budapest
Riyadh
Bucharest
Casablanca
Barcelona
Toulouse
Rome
Baku
Ljubljana
Odessa
Jerusalem
Tunis
Carthage
Beirut
Lisbon
Madrid
Yerevan
Kiev
Vienna
 
Answer Stats
Answer % Correct
Athens
100%
Thessaloniki
91%
Istanbul
83%
Alexandria
74%
Izmir
65%
Naples
61%
Syracuse
61%
Sofia
57%
Tirana
57%
Marseille
52%
Jerusalem
43%
Odessa
39%
Rome
39%
Beirut
35%
Tehran
26%
Carthage
17%
Tunis
13%
No matching quizzes found
Score Distribution
Percent of People with Each Score
Percentile by Number Answered
Your Score History
You have not taken this quiz